Have they won a Stanley Cup- Sudden Death - Statistics

General Stats
  • This quiz has been taken 36 times
  • The average score is 16 of 22
Answers on the Grid
Answers color-coded by a green-red scale on the quiz's grid according to % correct below.
Bruins
Panthers
Lightning
Sabres
Canadiens
Leafs
Redwings
Senators
Penguins
Flyers
Capitals
Devils
Bluejackets
Rangers
Islanders
Hurricanes
Blackhawks
Avalanche
Wild
Stars
Predators
Jets
Blues
Mammoth
Canucks
Flames
Golden Knights
Oilers
Kings
Ducks
Sharks
Kraken
 
Answer Stats
Answer % Correct
Bruins
95%
Canadiens
95%
Leafs
90%
Redwings
90%
Lightning
85%
Penguins
85%
Avalanche
80%
Blackhawks
80%
Capitals
80%
Panthers
80%
Blues
70%
Devils
70%
Flyers
70%
Kings
70%
Ducks
65%
Golden Knights
65%
Hurricanes
65%
Islanders
65%
Oilers
65%
Rangers
65%
Stars
60%
Flames
50%
No matching quizzes found
Score Distribution
Percent of People with Each Score
Percentile by Number Answered
Your Score History
You have not taken this quiz